Score 0/33 Timer 03:00
0 Plays Today
Hint 4-Letter Word % Correct
Type of slawCOLE
95.2%
“…It’s gonna be ___...”∞COLD∞
92.7%
ObservedSEEN
88.9%
“Au”-tstanding elementGOLD
88.6%
“I have ____ stabbed, shot, poisoned…”∞BEEN∞
88.1%
Swiss capitalBERN
86.6%
“I’ll ____ you a winter prediction…”∞GIVE∞
84.1%
____ and dineWINE
83.5%
“Frozen” reindeerSVEN
83.2%
Female spouseWIFE
83%
Pubs and tavernsBARS
82.8%
KilnOVEN
81.7%
“…and it’s gonna last you the rest of your ____∞LIFE∞
81.5%
Holstein’s homeBARN
80.2%
Fireworks soundBANG
79.3%
“I Got You ___” (radio alarm song)∞BABE∞
79.2%
Phil’s home∞HOLE∞
78.7%
Hint 4-Letter Word % Correct
Ned Ryerson’s catchword, or Microsoft’s search engine∞BING!∞
76.6%
NemesisBANE
73.1%
ImproviseWING
72.7%
Pink bunny from Tiny ToonsBABS
70.6%
Drone’s homeHIVE
70.5%
“…____ and ____.” (part of tagline)∞OVER∞
69.1%
Flame-broilCHAR
68.4%
FellowCHAP
64.6%
One of the singers of the radio alarm song∞CHER∞
62.9%
NeedleGOAD
61.6%
Rose and fell rhythmically, as a ship on the oceanHOVE
61.6%
“The Blind Side” tackle Michael ____OHER
59.7%
Former seniorGRAD
57.9%
Roll a 2, 3, or 12 on the come-outCRAP
49%
“…it’s gonna be ___...”∞GRAY∞
31.5%
Supercomputer companyCRAY
28.6%

Today's Daily Dose

Remove Ads.
Support Sporcle.
Get the best of Sporcle when you Go Orange. This ad-free experience offers more features, more stats, and more fun while also helping to support Sporcle. Thank you for becoming a member.

You're not logged in!

Compare scores with friends on all Sporcle quizzes.
OR
Log In

Show Comments

Extras

Top Quizzes Today


Score Distribution

Your Account Isn't Verified!

In order to create a playlist on Sporcle, you need to verify the email address you used during registration. Go to your Sporcle Settings to finish the process.

Report this User

Report this user for behavior that violates our Community Guidelines.

Details: